Salient ideas / (Record no. 104474)

MARC details
000 -LEADER
fixed length control field 00736nam a22002177a 4500
005 - DATE AND TIME OF LATEST TRANSACTION
control field 20230529164804.0
010 ## - LCCN (DPL NO)
LC control number ENG-116451 ENG-137066
020 ## - INTERNATIONAL STANDARD BOOK NUMBER
International Standard Book Number 9788179754504
Terms of availability 900.00
035 ## - SYSTEM CONTROL NUMBER
System control number EN-99983 EN-120598
037 ## - SOURCE OF ACQUISITION
Source of stock number/acquisition DBAD/PUB
082 ## - DEWEY DECIMAL CLASSIFICATION NUMBER
Classification number 954.04
100 ## - MAIN ENTRY--PERSONAL NAME
Personal name Lohia,Rammanohar
245 ## - TITLE STATEMENT
Title Salient ideas /
Statement of responsibility, etc by Rammanohar Lohia ; compiled and edited by B.K Bhattacharya [and] Mastram Kapoor
260 ## - PUBLICATION, DISTRIBUTION, ETC. (IMPRINT)
Place of publication, distribution, etc New Delhi
Name of publisher, distributor, etc Anamika Publishers & Distributors
Date of publication, distribution, etc 2012
270 ## - ADDRESS
Address 4697/3,21A,Ansari Road, Daryaganj,
City New Delhi
Postal code 110002
300 ## - PHYSICAL DESCRIPTION
Extent x,496p.
Dimensions 21cm (Hb)
500 ## - GENERAL NOTE
General note Includes references and index
700 ## - ADDED ENTRY--PERSONAL NAME
Personal name Bhattacharya, B.K
700 ## - ADDED ENTRY--PERSONAL NAME
Personal name Mastram Kapoor
942 ## - ADDED ENTRY ELEMENTS (KOHA)
Source of classification or shelving scheme Dewey Decimal Classification
Item type English Books
Classification part 954.04
Call number suffix LOH
Holdings
Withdrawn status Lost status Not for loan Collection code Home library Current library Date acquired Source of acquisition Cost, normal purchase price Full call number Barcode Copy number Cost, replacement price Koha item type
      Non-fiction Ashok Vihar Ashok Vihar 29/05/2023 DBAD/PUB 900.00 954.04 LOH EN-120598 1 900.00 English Books
    Not For Loan Non-fiction D.B.Act.Division Bawana 04/11/2016 DBAD/PUB 900.00 954.04 BHA EN-99983 1 900.00 English Books

© Delhi Public Library
Hit Counter
free hit counter